[Event "Corus Chess C 2008"]
[Site "Wijk aan Zee"]
[Date "2008.01.19"]
[Round "7"]
[White "Grivas, Efstratios"]
[Black "Braun, Arik"]
[Result "1-0"]
[WhiteElo "2509"]
[BlackElo "2536"]
[Annotator "Ëåáåäåâ Âàñèëèé"]
[PlyCount "47"]
[EventDate "2008.01.19"]

1. d4 d5 2. c4 c6 {Êîãäà ÿ â ñàìîì íà÷àëå òóðà «ïðîãóëèâàëñÿ» âçãëÿäîì ïî
ïîçèöèÿìè, òî ìåíüøå âñåãî îæèäàë, ÷òî ñàìîé ïåðâîé çàêîí÷èòñÿ èìåííî ýòà
âñòðå÷à. Îäíàêî...} 3. Nf3 Nf6 {
ñíà÷àëà áåëûå ñâåðíóëè íà íåïðèìåòíóþ äåáþòíóþ  òðîïèíêó -} 4. Nbd2 $5 ({
Åñòåñòâåííî, ïîïóëÿðíåå} 4. Nc3 {ïîñëå ÷åãî ìû, â òîì ÷èñëå, ìîãëè áû ñòàòü
ñâèäåòåëåì î÷åðåäíîé «àíòèìîñêîâñêîé» áèòâû, èëè ïîñòðîåíèÿ íîâîé ñòåíêè
×åáàíåíêî...}) {...ïîòîì ÷¸ðíûå è âîâñå ñâåëè êîëè÷åñòâî ïàðòèé
- ïðåäøåñòâåííèö ê íè÷òîæíî ìàëîìó ÷èñëó.} 4... Bg4 (4... Bf5 $5) 5. Ne5 Bf5
6. e3 e6 {Òî ëè çàïðåäåëüíàÿ ñìåëîñòü, òî ëè...} (6... Nbd7 $5) {
Âïðî÷åì, êàê âûÿñíÿåòñÿ, âñ¸ ýòî óæå âñòðå÷àëîñü íà ïðàêòèêå.} 7. g4 Bg6 8.
h4 dxc4 ({Ïëîõî, êîíå÷íî,} 8... h5 $2 9. g5 Ng4 10. Nxg6 fxg6 11. Bd3 {è ò.ä.}
) 9. Bxc4 Be4 $2 {
Íó âîò, ñîáñòâåííî ãîâîðÿ, ïàðòèÿ óæå è çàêîí÷èëàñü, è íà÷èíàåòñÿ äîáèâàíèå.}
({Òåïåðü} 9... Nbd7 $1 {
áûëî óæå ïðîñòî íåîáõîäèìî. Âïðî÷åì, âñåõ ïðîáëåì ÷¸ðíûõ ýòî íå ðåøàëî} 10.
h5 Be4 11. f3 Bd5 12. e4 Nxe5 13. dxe5 Bxc4 14. Nxc4 {è âïîëíå î÷åâèäíî, ÷òî
ó áåëûõ, ïî êðàéíåé ìåðå, ïîëó÷øå. Íó, à òåïåðü íà÷èíàåòñÿ òî, ÷òî ÿ áîëüøå
âñåãî ëþáëþ â øàõìàòàõ - àòàêà! Äà åù¸ è ñ æåðòâàìè!}) 10. Nxf7 $1 $146 {
Óðà, òîâàðèùè!} ({Ñòðàííàÿ ïàðòèÿ áûëà òóò ïðåäøåñòâåííèöåé -} 10. Nxe4 Nxe4
11. Qf3 Bb4+ 12. Ke2 Nd6 13. a3 Ba5 14. Bd3 Nd7 15. b4 Bc7 16. Bb2 {
1/2 Heilinger,D (2200) - Schmidlechner,A (2134)/Vorarlberg  1998}) 10... Kxf7
11. Nxe4 Nxe4 12. Qf3+ Nf6 13. g5 {
Èòàê æåðòâà îêàçàëàñü âðåìåííîé, íî àòàêà - ïåðìàíåíòíîé!} Bb4+ 14. Ke2 Nbd7
15. a3 Be7 ({Íàâåðíîå, âñ¸ æå ïîëó÷øå áûëî} 15... Bd6 {ñ èäååé â ñëó÷àå
÷åãî ïîäêðåïèòü ïåøêó íà å7 èëè ëàäü¸é ñ å8, èëè ôåðç¸ì ñ å7. Âïðî÷åì, ïî
ñîâåñòè ãîâîðÿ, èñêàòü ëó÷øèå ïðîäîëæåíèÿ ÷¸ðíûì ñëåäîâàëî ãîðàçäî ðàíüøå -}
16. e4 $40) 16. Qf5 $1 {Çàáåãó íåìíîãî âïåð¸ä, íî íå ñêàçàòü ýòîãî íå ìîãó:
ôåðçü ïðîñòîèò «ïîä áîåì» äî ñàìîãî êîíöà ïàðòèè!} Nf8 {
Ïðèõîäèòñÿ «òóïî» îòáèâàòüñÿ.} (16... Ke8 17. Bxe6 Nd5 $140 $4 18. Qf7#) 17.
gxf6 Bxf6 ({Åñëè} 17... gxf6 {, òî} 18. Qh5+ Ng6 19. Qg4 Qd6 $140 20. h5 Nf8 {
, è áåëûå ïðîðûâàþòñÿ ïî ëèíèè «g» -} 21. Rg1 Ke8 22. Qg7 Qh2 23. Bd2 $18)
18. Bd2 {Ïðèøëà ïîðà ïîäòÿíóòü ðåçåðâû.} Qb6 ({
âñ¸ æå, íàâåðíîå, íå ñëåäîâàëî ïóñêàòü ñëîíà íà b4} 18... a5 $1 {, ïîñëå ÷åãî
áåëûì ïðèøëîñü áû åù¸ ïîèñêàòü ñïîñîá ïðåòâîðåíèÿ ñâîåãî íåñîìíåííîãî ïåðåâåñà
â ïîëíîâåñíóþ åäèíè÷êó.}) 19. h5 Re8 ({Ïåøêà, ðàçóìååòñÿ, íåïðèêîñíîâåííà:} 
19... Qxb2 20. Rhb1 {, è ôåðçü ïîïàë â ïåðåïë¸ò, êàê êóð â îùèï.}) 20. Bb4 a6 {
«Ïðåçðåíèå» ÷¸ðíûõ ê çàìûñëàì ñîïåðíèêà ïðîèçâîäèò èçâåñòíîå «âïå÷àòëåíèå»
.} 21. Rag1 Rg8 ({Åñëè áû ñåé÷àñ ÷¸ðíûå íàêîíåö-òî «ðåøèëèñü» íà} 21... a5
$4 {, òî èõ ïîäæèäàëî áû} 22. Rxg7+ $1 {
À ýòî óæå íå äîáèâàíèå, ýòî óæå ðàçãðîì.} Kxg7 23. Rg1+ Kf7 24. Bxf8 $18 {
Òî åñòü:} Qd8 (24... Rexf8 25. Qxe6#) ({èëè} 24... Rhxf8 25. Qxh7+ {ñ ìàòîì})
25. Bh6 Re7 (25... Rhg8 26. Qxh7+ {è ò.ä.}) 26. Bxe6+ $1 Ke8 (26... Rxe6 27.
Rg7+) 27. Qxf6 $18) 22. Rg3 Qd8 23. Rhg1 {Ïîëíàÿ äîìèíàöèÿ!} Qb6 (23... g6 24.
hxg6+ hxg6 (24... Nxg6 25. Rh1) 25. Qe4 $22 {(} Kg7 26. Rxg6+ $1 {).}) 24. h6
$1 {Ýòîò óêîë îêàçûâàåòñÿ ñìåðòåëüíûì - ÷¸ðíûå íåìåäëåííî ñäàëèñü, à áåëûé ôåðçü, êàê
ÿ è «îáåùàë», îñòàëñÿ «ïîä áîåì» äî ñàìîãî êîíöà ïàðòèè.} ({
«Ãëàâíûé» äîêàçàòåëüíûé âàðèàíò:} 24. h6 g6 (24... Re7 25. Rxg7+ {è ò.ä.}) (
24... g5 25. Bxf8 $18) 25. Qxf6+ $1 Kxf6 26. Rf3#) 1-0